|
|
|
|
| LEADER |
00000nas a2200000 a 4500 |
| 001 |
ssj0017568 |
| 003 |
WaSeSS |
| 005 |
20200512172242.0 |
| 006 |
m d |
| 007 |
cr n |
| 008 |
971007c19979999mnuuu p s 0 a0eng |
| 010 |
|
|
|a 97646848
|
| 016 |
7 |
|
|a 9892079
|2 DNLM
|
| 016 |
7 |
|
|a SR0092814
|2 DNLM
|
| 022 |
|
|
|l 1523-486X
|y 1523-486X
|
| 035 |
|
|
|a (WaSeSS)ssj0017568
|
| 040 |
|
|
|a DLC
|b eng
|c DLC
|d NSD
|d NLM
|d OCLCQ
|d DLC
|d OCLCO
|d OCLCQ
|d OCLCF
|d OCLCO
|d ZQP
|d OCLCO
|d WaSeSS
|
| 042 |
|
|
|a pcc
|a nsdp
|
| 043 |
|
|
|a n-us---
|
| 050 |
0 |
0 |
|a RA794
|b .A48
|
| 210 |
0 |
|
|a Am. spa
|
| 222 |
|
0 |
|a American spa
|
| 245 |
0 |
0 |
|a American spa
|h [electronic resource].
|
| 260 |
|
|
|a Pittsfield, MA :
|b Advanstar Communications Inc.
|
| 362 |
1 |
|
|a Began in 1997.
|
| 500 |
|
|
|a Published: Duluth, MN : Questex Media Group, <2011->
|
| 506 |
|
|
|a License restrictions may limit access.
|
| 588 |
|
|
|a Description based on: Vol. 1, no. 2 (June 1997); title from cover.
|
| 588 |
|
|
|a Latest issue consulted: Vol. 2, no. 4 (Oct. 1998).
|
| 650 |
|
0 |
|a Health resorts
|v Periodicals.
|
| 650 |
|
0 |
|a Health resorts
|x Management
|v Periodicals.
|
| 650 |
|
0 |
|a Health resorts
|z United States
|v Periodicals.
|
| 650 |
|
7 |
|a Health resorts.
|2 fast
|0 (OCoLC)fst00953227
|
| 650 |
|
7 |
|a Health resorts
|x Management.
|2 fast
|0 (OCoLC)fst00953240
|
| 651 |
|
7 |
|a United States.
|2 fast
|0 (OCoLC)fst01204155
|
| 655 |
|
0 |
|a Electronic journals.
|
| 850 |
|
|
|a DLC
|
| 856 |
4 |
0 |
|z Full text available from Research Library: 09/01/2000 to 12/31/2006
|u https://search.proquest.com/publication/32229
|
| 856 |
4 |
0 |
|z Full text available from Research Library: 01/01/2013 to present
|u https://search.proquest.com/publication/32229
|